Fronteira mais longa de todos os países - Statistics

Estatísticas Gerais
  • Esse quiz foi jogado 84 vezes
  • A pontuação média é 64 de 157
Estatísticas das Respostas
País Borda mais longa % Correto
Brasil Bolívia
83%
África do Sul Botswana
83%
Argentina Chile
83%
Afeganistão Paquistão
83%
Bolívia Brasil
78%
Andorra Espanha
78%
Arábia Saudita Iémen
78%
Belize Guatemala
76%
Bangladesh Índia
76%
Bielorrússia Rússia
76%
Catar Arábia Saudita
75%
Chile Argentina
75%
Estados Unidos Canadá
75%
Canadá Estados Unidos
73%
Bélgica França
73%
Equador Peru
73%
Espanha Portugal
73%
Cazaquistão Rússia
73%
Emirados Árabes Unidos Arábia Saudita
71%
Colômbia Brasil
71%
Coreia do Norte China
70%
Coreia do Sul Coreia do Norte
70%
Bósnia e Herzegovina Croácia
70%
Argélia Marrocos
70%
China Mongólia
70%
Angola República Democrática do Congo
70%
Finlândia Rússia
70%
Áustria Alemanha
68%
Dinamarca Alemanha
67%
Butão Índia
67%
Estônia Letónia
67%
Armênia Azerbaijão
65%
Costa Rica Panamá
65%
Bulgária Romênia
65%
Egito Sudão
65%
Azerbaijão Armênia
63%
Croácia Bósnia e Herzegovina
63%
Brunei Malásia
62%
Irlanda Reino Unido
62%
Guiana Brasil
60%
Eritreia Etiópia
60%
Albânia Grécia
60%
Essuatíni África do Sul
59%
El Salvador Honduras
59%
Iraque Irão
59%
Burkina Faso Mali
59%
Chade Sudão
57%
Camboja Vietname
57%
Iémen Arábia Saudita
56%
Irão Iraque
56%
Honduras Nicarágua
56%
Alemanha República Checa
56%
Haiti República Dominicana
56%
Djibouti Etiópia
54%
Botswana Namíbia
54%
Etiópia Somália
54%
Indonésia Malásia
52%
Guatemala México
52%
Camarões Nigéria
51%
Lesoto África do Sul
49%
Birmânia China
49%
Eslováquia Hungria
48%
Geórgia Rússia
48%
Laos Vietname
48%
Grécia Bulgária
46%
Gâmbia Senegal
46%
Itália Suíça
46%
Israel Egito
44%
México Estados Unidos
44%
Índia Bangladesh
43%
França Brasil
43%
Eslovénia Croácia
43%
Benim Nigéria
43%
Burundi Tanzânia
43%
Líbia Egito
41%
Letónia Lituânia
41%
Marrocos Argélia
40%
Guiné Equatorial Gabão
40%
Gabão República do Congo
40%
Hungria Eslováquia
38%
Malásia Indonésia
38%
Kosovo Sérvia
38%
Líbano Síria
38%
Jordânia Arábia Saudita
37%
Kuweit Iraque
37%
Lituânia Bielorrússia
35%
Mônaco França
35%
Nepal Índia
35%
Liechtenstein Suíça
35%
Gana Togo
35%
Mongólia China
33%
Guiné-Bissau Guiné
33%
Noruega Suécia
33%
Luxemburgo Bélgica
32%
Reino Unido Irlanda
32%
Costa do Marfim Libéria
32%
Moldávia Ucrânia
32%
Portugal Espanha
30%
Guiné Mali
30%
Países Baixos Alemanha
29%
Namíbia Angola
29%
Omã Arábia Saudita
29%
Panamá Costa Rica
29%
Níger Nigéria
29%
Paraguai Argentina
27%
Macedónia do Norte Grécia
27%
Nicarágua Honduras
27%
Mauritânia Mali
25%
Mali Mauritânia
25%
Peru Brasil
24%
Papua Nova Guiné Indonésia
24%
San Marino Itália
24%
Montenegro Bósnia e Herzegovina
22%
Rússia Cazaquistão
22%
Paquistão Índia
22%
Uruguai Brasil
19%
República Dominicana Haiti
19%
Vaticano Itália
19%
Malawi Moçambique
19%
República do Congo República Democrática do Congo
19%
Ucrânia Rússia
19%
República Checa Alemanha
17%
Nigéria Camarões
17%
Libéria Costa do Marfim
17%
Suriname Guiana
17%
Suíça Itália
17%
Sudão do Sul Sudão
17%
Romênia Bulgária
16%
Moçambique Malawi
16%
República Centro-Africana República Democrática do Congo
16%
Tunísia Argélia
14%
Venezuela Brasil
14%
Somália Etiópia
14%
Suécia Noruega
14%
Sudão Sudão do Sul
14%
Tailândia Birmânia
13%
Ruanda Burundi
13%
Timor-Leste Indonésia
13%
Vietname Laos
13%
Quirguistão Uzbequistão
11%
República Democrática do Congo Angola
10%
Tanzânia Quênia
10%
Polônia República Checa
10%
Turquia Irão
8%
Zimbábue Moçambique
8%
Chipre Reino Unido
8%
Síria Turquia
8%
Togo Gana
6%
Sérvia Kosovo
6%
Senegal Mauritânia
6%
Zâmbia República Democrática do Congo
6%
Uganda Quênia
5%
Quênia Uganda
5%
Turquemenistão Uzbequistão
5%
Uzbequistão Cazaquistão
3%
Serra Leoa Guiné
3%
Tajiquistão Afeganistão
2%
Nenhum quiz correspondente encontrado
Distribuição das Pontuações
Porcentagem de Pessoas com Cada Pontuação
Percentil de Números Respondidos
Sua Pontuação Histórica
Você não jogou esse quiz